00406 2200169 4500001002100000005001500021008004100036035002500077041000800102082000800110090000800118100001800126245004300144250001600187300002300203650001000226INLIS00000000000235420130515125452 ind  a0010-051300000002354 aind aFik aFik aBastian, Tito aRUmah Tanpa Dosa (Serial Wiro Sableng) aCetakan : 1 a127 hlm. ;17,5 cm. aFiksi